| 000 | 01083nam a22002537a 4500 | ||
|---|---|---|---|
| 005 | 20170124103000.0 | ||
| 010 | _aA-921776 | ||
| 020 |
_c75.00 _a8170555655 |
||
| 035 | _aA-921776 | ||
| 037 | _bCen Lib/Ret | ||
| 040 |
_aDPL _bHN |
||
| 082 |
_aउ _bअस्थाना |
||
| 100 |
_aअस्थाना, धीरेन्द्र _944529 |
||
| 245 |
_aगुज़र क्यों नहीं जाता / _cधीरेन्द्र अस्थाना |
||
| 246 |
_aGuzar kayon naheen jata / _bby Dhirendra Asthana |
||
| 260 |
_aनयी दिल्ली _bवाणी प्रकाशन _c1997 |
||
| 270 |
_a21-ए, दरियागंज _bनयी दिल्ली _e110002 |
||
| 300 |
_a96पृ. _c21सेमी(सजिल्द ) |
||
| 650 |
_aहिंदी साहित्य _x _z _9102612 |
||
| 650 |
_aहिंदी साहित्य--उपन्यास _v _9102613 |
||
| 650 |
_aHindi literature _9102614 |
||
| 650 |
_aHindi literature--Fiction _9102615 |
||
| 942 |
_2ddc _cHN _hउ _mअस्थाना |
||
| 999 |
_c113921 _d113921 |
||